| 000 | 00884nam a2200241 a 4500 | ||
|---|---|---|---|
| 005 | 20141223150317.0 | ||
| 008 | 140129b2004 ck ||||| |||| 00| 0 spa d | ||
| 040 | _cCO-BoIH | ||
| 041 | _aspa | ||
| 044 | _ack | ||
| 090 |
_aIAVH _b01029 |
||
| 245 | _aRecomendaciones sobre biodiversidad a la guía ambiental subsector férreo | ||
| 260 |
_aBogotá _bInstituto Alexander von Humboldt _c2004 |
||
| 300 | _a6 p. | ||
| 520 | _aPrevee lineamientos guía para prevenir, mitigar y compensar los posibles impactos negativos sobre biodiversidad causados por las actividades de rehabilitación de las líneas férreas y potencializar impactos positivos | ||
| 650 |
_aLineamientos _95463 |
||
| 650 |
_aPrevención _930735 |
||
| 650 |
_aMitigación _95750 |
||
| 650 |
_aCompensación de impactos _95776 |
||
| 650 |
_aSubsector ferreo _930736 |
||
| 942 |
_cINFORME _2z |
||
| 945 | _d2008-09-19 | ||
| 999 |
_c6593 _d6593 |
||